Vladimír Balaš - Pavel Šturma: Kurs medzinárodního ekonomického práva

Bibliographic Details
Main Author: Grúň, Ľubomír (Author)
Format: Article
Language:Slovak
ISSN:0032-6984
Subjects:

MARC

LEADER 00000nab a2200000 a 4500
001 vtls000663220
003 SK-MaSNL
005 20260304090519.0
008 250425c1998 xo 0 slo
015 |a SNBRB1998/05-14095 
035 |a CLN000015407 
035 |a urn:nbn:sk:snk-ab2a77 
035 |a (urnnbn)urn:nbn:sk:snk:ar-a020l2 
035 |a (uuid)f34db292-6831-45b8-92c7-3928417ef7de 
040 |a SNKBUCL  |b slo  |c SNKBUCL  |e AACR2 
041 0 |a slo 
044 |a xo  |c SK 
080 |a 341.2:33(048)  |2 1997 
100 1 |a Grúň, Ľubomír  |4 aut  |9 278206 
245 1 0 |a Vladimír Balaš - Pavel Šturma: Kurs medzinárodního ekonomického práva  |c Lubomír Grúň 
650 0 7 |a právo ekonomické medzinárodné  |x publikácie  |x recenzie  |2 snkbucl  |9 1381692 
655 7 |a články z novín a časopisov  |2 snkbucl  |9 267496 
773 0 |t Právny obzor  |g Roč. 81, č. 3 (1998), s. 312-314  |x 0032-6984 
787 0 8 |i Rec.:  |a Balaš, Vladimír  |t Kurs mezinárodního ekonomického práva  |d Praha : C.H. Beck, 1997 
850 |a Slovenská národná knižnica 
852 |a Slovenská národná knižnica 
954 |a odborná, vedecká literatúra pôvodná (slovenská)  |2 lita 
958 |a article27 
958 |a SK 
958 |a OND 
958 |a EUIPO 
992 |a RBX 
999 |c 2811694  |d 2813624